[Event "30th NATO Chess-ch 2019"]
[Site "Berlin"]
[Date "2019.09.18"]
[Round "4.4"]
[White "Pavlidis, Antonios"]
[Black "Tommasini, Enzo"]
[Result "1-0"]
[WhiteElo "2550"]
[BlackElo "2147"]
[Annotator "TA"]
[PlyCount "61"]
[EventDate "2019.09.16"]
[EventType "swiss"]
[EventCountry "GER"]
[SourceTitle "playchess.com"]
[Source "ChessBase"]
[SourceQuality "1"]

{[%evp 9,61,11,33,0,0,0,0,-4,7,7,39,0,24,18,52,28,64,50,69,8,49,38,44,7,36,31,62,62,56,41,49,-188,85,20,84,82,121,97,149,157,290,187,178,189,376,373,635,420,463,447,1048,1066,29989,884]} 1. d4 e6 2. c4 f5 3. Nf3 Nf6 4. Nc3 Bb4 5. Qb3 a5 6. a3 {A85: Dutch Defence: 2 c4 Nf6 3 Nc3} (6. g3 b6 7. a3 a4 8. Qc2 Bxc3+ 9. Qxc3 O-O 10. Bg5 Bb7 11. Bg2 h6 12. Bxf6 Qxf6 13. O-O Be4 14. Rfd1 {0-1 (59) Jojua,D (2588)-Priyadharshan,K (2553) chess.com INT 2019}) 6... a4 7. Qc2 ({But not} 7. axb4 axb3 8. Rxa8 Nc6 $17) (7. Qxb4 Nc6 $17) 7... Bxc3+ 8. Qxc3 {The position is equal.} Ne4 9. Qc2 b6 10. g3 c5 $146 ({Predecessor:} 10... Bb7 11. Bg2 Nc6 12. O-O {1-0 (60) Garriga Cazorla,P (2461)-Balbuena Fuentes,M (2265) Salobrena 2015}) 11. Bg2 Ra7 12. O-O d6 13. Nd2 Nxd2 14. Qxd2 (14. Bxd2 $14 cxd4 15. e3) 14... Bb7 15. Bxb7 Rxb7 16. Rd1 Qe7 17. dxc5 dxc5 18. Qc2 $36 {[%mdl 2048] White is pushing.} Ra7 19. Bf4 Nc6 $1 20. e3 $2 {[#]} (20. Bd6 $14 Qb7 21. e4) 20... Kf7 $2 ({Black should play} 20... e5 $19 21. Qxf5 exf4 22. gxf4 Rd7) 21. Bd6 (21. Rd6 $16 Rc8 22. g4) 21... Qf6 (21... Qb7 $11 {remains equal.}) 22. b4 $16 cxb4 23. axb4 {[%cal Ba3b4,Bb4b5][%mdl 32]} a3 (23... Rd8 $142 24. Rxa4 Rad7) 24. b5 Rd8 (24... Qb2 $16 {keeps fighting.} 25. Qc1 Qxc1 26. Rdxc1 Rd7) 25. Rxa3 ({And not} 25. bxc6 Rxd6 26. c7 Rxc7 $11) 25... Rxa3 26. Bxa3 Rxd1+ $2 {[#]} (26... Ne5 27. h4 Nf3+ 28. Kf1 g5) 27. Qxd1 $18 Na5 $2 (27... Ne7 28. Qd6 g5) 28. Qd3 Qa1+ 29. Kg2 Nxc4 (29... Qe5 $142 30. Qd7+ Kg6) 30. Qd7+ ({Less strong is} 30. Qxc4 Qxa3 31. Qc7+ Kf6 $14) 30... Kf6 31. Qe7+ {Accuracy: White = 49%, Black = 17%.} (31. Be7+ $142 Kg6 32. Qxe6+ {[%mdl 64] Double Attack} Qf6 33. Bxf6 gxf6 34. Qg8+ Kh6 35. Qf7 Nd6 36. Qxf6+ {[%mdl 64] Double Attack} Kh5 37. Qxd6 f4 38. exf4 h6 39. Qxb6 Kg4 40. Qg6#) 1-0

[Event "30th NATO Chess-ch 2019"]
[Site "Berlin"]
[Date "2019.09.18"]
[Round "4.5"]
[White "Kersic, Matej"]
[Black "Pietruszewski, Marcin"]
[Result "1-0"]
[WhiteElo "2122"]
[BlackElo "2215"]
[Annotator "TA"]
[PlyCount "39"]
[EventDate "2019.09.16"]
[EventType "swiss"]
[EventCountry "GER"]
[SourceTitle "playchess.com"]
[Source "ChessBase"]
[SourceQuality "1"]

{[%evp 10,39,4,0,29,18,53,37,68,64,68,66,66,56,208,212,489,144,152,159,141,143,210,195,192,195,289,289,280,277,650,633]} 1. e4 c5 2. Nf3 e6 3. c4 Nc6 4. Nc3 e5 5. d3 d6 6. Be2 Be6 {B40: Sicilian: 2...e6, Unusual lines} (6... f5 7. exf5 Bxf5 8. O-O {½-½ (8) Nestorovic,N (2506)-Perunovic,M (2607) Montenegro 2017}) 7. O-O g6 $146 ({Predecessor:} 7... h6 8. a3 g5 9. Rb1 a5 10. Nd5 Bg7 11. Qb3 Nge7 12. Qxb7 Rb8 13. Qc7 {0-1 (59) Mar,K (2210)-Gaal,A (2045) Szombathely 2002}) 8. Ng5 h6 {White is slightly better.} 9. Nxe6 fxe6 10. f4 exf4 11. Bxf4 a6 $2 {[#]} (11... Qd7 $14) 12. Bg4 $1 $18 Qe7 $2 {[#]} (12... Nd4 13. e5 Rh7) 13. Qf3 $2 (13. Nd5 $1 $18 {[%mdl 512] is the precise move to win.} exd5 14. exd5) 13... Bg7 $16 14. Qh3 Nd4 15. Qg3 $36 {[%mdl 2048] White is on the roll.} Rd8 (15... O-O-O $16 {was worth a try.}) 16. e5 $18 dxe5 17. Bxe5 Nf6 (17... Bxe5 $142 18. Qxe5 Rh7) 18. Bxf6 Bxf6 {[#]} 19. Bxe6 $1 {[%mdl 576] Discovered Attack} Qxe6 $2 (19... Nxe6 20. Qxg6+ {[%mdl 64] Double Attack} Qf7 21. Qxf6 Qxf6 22. Rxf6 Ke7) 20. Rae1 {Accuracy: White = 64%, Black = 21%.} 1-0

[Event "30th NATO Chess-ch 2019"]
[Site "Berlin"]
[Date "2019.09.18"]
[Round "4.6"]
[White "Sycz, Dariusz"]
[Black "Onley, David E"]
[Result "0-1"]
[WhiteElo "2215"]
[BlackElo "2103"]
[Annotator "TA"]
[PlyCount "82"]
[EventDate "2019.09.16"]
[EventType "swiss"]
[EventCountry "GER"]
[SourceTitle "playchess.com"]
[Source "ChessBase"]
[SourceQuality "1"]

{[%evp 17,90,68,49,41,45,37,44,20,29,4,9,-6,-1,-7,0,-49,0,-20,0,0,39,59,45,22,29,0,0,-1,27,0,54,58,70,54,67,66,72,49,50,37,43,-104,-106,-104,-91,-102,-87,-79,-6,-11,0,0,0,0,9,0,0,-37,-22,-270,-166,-589,-596,-29970,-29967,-29994,-29995,-29995,-29996,-29996,-29997,-29997,-29998,-29998,-29999]} 1. d4 Nf6 2. c4 g6 3. Nc3 Bg7 4. e4 d6 5. f3 O-O 6. Nge2 e5 7. Be3 c6 8. d5 cxd5 9. cxd5 a6 10. a4 {E89: King's Indian: Sämisch: 6...e5 7 d5 c6 8 Nge2 cxd5} (10. Qd2 Nbd7 11. g4 h5 12. g5 Nh7 13. Rg1 f6 14. gxf6 Qxf6 15. O-O-O b5 16. Kb1 Nc5 17. b4 Na4 18. Nxa4 bxa4 19. Nc3 a3 20. Ka1 Rb8 21. Rb1 {1-0 (40) Bocharov,D (2562)-Samusenko,M (2442) Kazan 2018}) 10... a5 11. Nc1 $146 ({Predecessor:} 11. g4 h5 12. h3 Re8 13. Qd2 Na6 14. Bg5 Nc5 15. Nc1 Kh7 16. N3e2 Qb6 17. Ng3 Qb4 18. Qxb4 axb4 {0-1 (79) Meyer,A (2137)-Granko,R Myrhorod 2010}) 11... Nh5 12. Nd3 {White is slightly better.} f5 13. Qd2 Na6 14. Bg5 Bf6 15. Bh6 Rf7 16. O-O-O f4 17. Kb1 $1 Kh8 18. Be2 Qb6 19. g4 fxg3 20. Be3 Qd8 21. Rdg1 g2 22. Rxg2 Nb4 23. Rgg1 Bg7 (23... Bd7 $11) 24. Nb5 $14 Nxd3 25. Bxd3 Nf4 26. h4 Qf8 27. Bc2 Bd7 28. Nc7 Rc8 29. Ne6 (29. Bxf4 $1 $14 {stays ahead.} Rxf4 30. Ne6 Bxe6 31. dxe6) 29... Nxe6 $17 30. dxe6 Bxe6 31. h5 gxh5 32. Bd1 Rfc7 (32... Rxf3 $17 33. Rxg7 Rxe3 34. Rxh7+ Kxh7 35. Rxh5+ Kg7 36. Qg2+ (36. Qxe3 Qf4 $17) 36... Kf7 37. Qf2+ Ke8 $1 {[%mdl 512]} 38. Qxe3 Qf1 $1 {[%mdl 512]}) 33. Rxh5 $11 Bg8 {And now ...Qf7 would win.} 34. Rhg5 Qf7 {[%csl Gg8][%cal Rf7a2]} 35. b3 Qf6 36. Qg2 d5 $36 {[%mdl 2048] Black has good play.} 37. Bd2 b6 38. Rf5 $2 (38. Bc3 $11) 38... Qe7 {Strongly threatening ...dxe4.} 39. Kb2 $2 {[#]} (39. Qxg7+ {is tougher.} Qxg7 40. Rxg7 Kxg7 41. Rxe5) 39... Qc5 $1 $19 {[%cal Rc5d4] aiming for ...Qd4+.} 40. Rg5 {[%cal Rg5g7]} Qd4+ {Black mates.} 41. Kb1 Qd3+ 0-1

[Event "30th NATO Chess-ch 2019"]
[Site "Berlin"]
[Date "2019.09.18"]
[Round "4.7"]
[White "Kedzierski, Slawomir"]
[Black "Werksma, Arie"]
[Result "1/2-1/2"]
[WhiteElo "2163"]
[BlackElo "2197"]
[Annotator "TA"]
[PlyCount "52"]
[EventDate "2019.09.16"]
[EventType "swiss"]
[EventCountry "GER"]
[SourceTitle "playchess.com"]
[Source "ChessBase"]
[SourceQuality "1"]

{[%evp 14,52,14,10,16,-5,9,9,13,0,14,21,7,16,19,0,15,0,19,0,18,12,30,-4,-14,-28,-14,-35,58,-22,0,-14,33,4,2,-19,24,0,8,-23,6]} 1. d4 Nf6 2. c4 e6 3. Nf3 b6 4. g3 Bb7 5. Bg2 Bb4+ 6. Nbd2 O-O 7. O-O d5 8. Ne5 Bd6 {E16: Queen's Indian: 4 g3 Bb7 5 Bg2 Bb4+} (8... Qc8 9. cxd5 Bxd5 10. f3 Rd8 11. Ne4 Nbd7 12. Nxf6+ Nxf6 13. e4 Bb7 14. Be3 Nd7 15. Qb3 Be7 16. Nxd7 Qxd7 {½-½ (42) Keymer,V (2516)-Svidler,P (2735) Karlsruhe/Baden Baden 2019}) 9. Ndf3 dxc4 10. Nxc4 Nbd7 {The position is equal.} 11. b3 $146 ({Predecessor:} 11. Nxd6 cxd6 12. Bf4 Qe7 13. Rc1 Rfc8 14. Qa4 a5 15. Qa3 Ne8 16. Ne5 Bxg2 17. Kxg2 {1-0 (47) Adianto,U (2583)-Bagheri,A (2495) Cebu 2007}) 11... Qb8 12. Bb2 Rd8 13. Rc1 Bd5 14. Qc2 Be4 15. Qd1 Bd5 16. Qc2 Be4 17. Qd2 Bf8 18. Qe3 Qb7 19. Ncd2 Bd5 20. Qd3 Rac8 (20... c5 $15) 21. Rfd1 (21. Rfe1 $1 $14) 21... Be7 22. Qb1 Ne4 23. Nc4 Nef6 24. Ncd2 Ne4 25. Nc4 Nef6 26. Ncd2 Ra8 {Accuracy: White = 20%, Black = 46%.} 1/2-1/2

[Event "30th NATO Chess-ch 2019"]
[Site "Berlin"]
[Date "2019.09.18"]
[Round "4.8"]
[White "Violini, Paolo"]
[Black "Everett, Elijah"]
[Result "0-1"]
[WhiteElo "1963"]
[BlackElo "2187"]
[Annotator "TA"]
[PlyCount "94"]
[EventDate "2019.09.16"]
[EventType "swiss"]
[EventCountry "GER"]
[SourceTitle "playchess.com"]
[Source "ChessBase"]
[SourceQuality "1"]

{[%evp 17,94,-12,-14,-32,54,54,54,50,45,44,50,21,32,2,60,59,86,65,81,31,21,22,33,43,55,18,29,24,24,0,0,0,0,0,0,-13,-13,-15,-9,-15,-14,-40,-36,-62,-53,-53,-50,-50,-51,-42,-35,-148,-108,-115,-88,-228,-228,-651,-632,-631,-630,-492,-571,-908,-908,-718,-658,-776,-1182,-684,-684,-2044,-1765,-8271,-7158,-6099,-5522,-6095,-5073]} 1. d4 Nf6 2. Nf3 g6 3. g3 Bg7 4. Bg2 O-O 5. O-O d6 6. b3 e5 7. dxe5 dxe5 8. Qxd8 Rxd8 9. Bb2 e4 10. Nfd2 {A49: 1 d4 Nf6 2 Nf3 g6 3 g3: Anti-King's Indian systems} e3 $146 ({Black should try} 10... Bf5 $15) ({Predecessor:} 10... Bf5 11. Nc4 Nc6 12. Nc3 Nd4 13. Ne3 Ng4 14. Nxg4 Bxg4 15. Bxe4 Nxe2+ 16. Nxe2 Bxb2 17. Rae1 c6 {0-1 (59) Li,C (2746)-Mamedyarov,S (2761) Moscow 2016}) 11. fxe3 $14 Ng4 12. Bxg7 {White is slightly better.} Kxg7 13. Nc4 Nc6 14. Nc3 Be6 {Threatening ...Bxc4.} 15. Bf3 Bxc4 ({Black should play} 15... h5 $11) 16. Bxg4 Ba6 17. Rfd1 Nb4 18. Rac1 Rxd1+ 19. Rxd1 Nxc2 20. Rd7 Nxe3 21. Be6 Kf6 $1 {[%cal Rf6e6]} 22. Bxf7 Rf8 23. Nd5+ Nxd5 24. Bxd5 $11 {[%mdl 4096] Endgame KRB-KRB} c6 $1 {[%cal Rc6d5]} 25. Bf3 Rf7 26. Rxf7+ (26. Rd8 {seems wilder.} Ke7 27. Rd4 c5 28. Ra4 Kd6 29. Kf2) 26... Kxf7 {KB-KB} 27. Kf2 Kf6 28. Ke3 Ke5 29. h4 c5 30. Kd2 Kd4 31. e3+ Ke5 32. Kc3 b6 {[%cal Bb7b6,Bb6b5,Bb5b4][%mdl 32]} 33. a3 Bc8 34. e4 (34. b4 $15) 34... Bb7 35. Kd3 b5 36. Ke3 {[#]} (36. b4 $17 {was worth a try.}) 36... b4 $1 $19 {[%cal Rb4a3]} 37. a4 $2 (37. axb4 cxb4 38. Bh1) 37... a5 {Black is clearly winning.} 38. Kd3 Ba6+ 39. Ke3 Bf1 40. Bd1 h6 41. Bc2 c4 42. bxc4 Bxc4 43. Kd2 Kd4 44. e5 g5 45. hxg5 hxg5 46. Bb1 Kxe5 47. Ke3 Bb3 {Accuracy: White = 30%, Black = 65%.} 0-1

[Event "30th NATO Chess-ch 2019"]
[Site "Berlin"]
[Date "2019.09.18"]
[Round "4.9"]
[White "Pavlidou, Ekaterini"]
[Black "Casteleijn, Diederick"]
[Result "1/2-1/2"]
[WhiteElo "2178"]
[BlackElo "2079"]
[Annotator "TA"]
[PlyCount "40"]
[EventDate "2019.09.16"]
[EventType "swiss"]
[EventCountry "GER"]
[SourceTitle "playchess.com"]
[Source "ChessBase"]
[SourceQuality "1"]

{[%evp 17,40,0,12,0,17,-19,-4,-11,-7,-27,-13,-11,-7,-24,0,0,11,-11,-6,-17,-17,-16,-11,-33,-17]} 1. d4 Nf6 2. c4 g6 3. Nc3 Bg7 4. e4 O-O 5. Bd3 d6 6. Nge2 c5 7. d5 e6 8. dxe6 fxe6 9. O-O Nc6 {[%cal Bb8c6,Bc6d4,Bd4e2][%mdl 32]} 10. h3 {E70: King's Indian: Miscellaneous lines with 4 e4, including 5 Nge2 and 5 Bd3 0-0 6 Nge2} Qe7 $146 ({Predecessor:} 10... a6 11. Bg5 Rf7 12. Qd2 Rb8 13. Rad1 Qf8 14. Bb1 Ne8 15. a4 Bd7 16. b3 Nd4 17. Nxd4 cxd4 18. Ne2 h6 19. Bh4 g5 20. Bg3 e5 21. Bd3 Nc7 {½-½ (21) Skembris,S (2405)-Schmidt,W (2450) Vrnjacka Banja 1983}) 11. Ng3 b6 12. Be3 {The position is equal.} Nd4 13. Nce2 (13. Qd2 {feels hotter.} Bb7 14. Bg5 Qd7 15. f4 h6 16. Bh4) 13... Nxe2+ 14. Qxe2 Bb7 15. Rae1 Rae8 16. Bg5 h6 17. Bc1 Nd7 18. Bc2 Qh4 19. Rd1 Be5 20. Nh1 Re7 {Accuracy: White = 21%, Black = 22%.} 1/2-1/2

[Event "30th NATO Chess-ch 2019"]
[Site "Berlin"]
[Date "2019.09.18"]
[Round "4.10"]
[White "Helbig, Mark"]
[Black "Kende, Gyorgy"]
[Result "1/2-1/2"]
[WhiteElo "2332"]
[BlackElo "2036"]
[Annotator "TA"]
[PlyCount "64"]
[EventDate "2019.09.16"]
[EventType "swiss"]
[EventCountry "GER"]
[SourceTitle "playchess.com"]
[Source "ChessBase"]
[SourceQuality "1"]

{[%evp 11,64,-8,26,16,34,29,30,9,16,19,26,20,25,29,25,0,0,0,0,0,1,1,16,31,44,9,37,29,48,52,61,62,49,37,84,85,101,100,97,63,76,-5,-5,-4,-10,-134,0,-81,-82,-361,-359,-365,-363,-331,-300]} 1. c4 e5 2. Nc3 Nf6 3. g3 Bb4 4. Bg2 O-O 5. e3 Re8 6. Nge2 Nc6 7. a3 {A25: English Opening vs King's Indian with ...Nc6 but without early d3} Bf8 8. d3 (8. d4 exd4 9. exd4 d5 10. cxd5 Ne7 11. Bg5 Qd6 12. Qb3 Bg4 13. O-O Bxe2 14. Nxe2 Nexd5 {1-0 (33) Ricardi,P (2575)-Slipak,S (2505) Boca 1997}) 8... d6 9. b4 {[%cal Bb2b4,Bb4b5][%mdl 32] White has an edge.} a5 10. b5 Ne7 11. O-O d5 12. cxd5 Nexd5 13. Bb2 $146 ({Predecessor:} 13. Qc2 Bf5 {½-½ (48) Gonzalez Rodriguez,J (2401)-Longa Yauca,J (2343) Madrid 2002}) 13... c6 14. bxc6 bxc6 15. Qc2 Ba6 16. Na4 Rc8 17. Rfd1 c5 18. Rac1 h5 19. Nec3 Nb4 20. axb4 cxb4 21. Qd2 {Threatens to win with Ne4.} bxc3 22. Bxc3 Bb4 23. Bxb4 Rxc1 24. Rxc1 axb4 25. Nc5 Qa5 26. d4 (26. Nxa6 $16 Qxa6 27. Rb1 (27. Qxb4 Qxd3 28. Qb7 Qf5 $11)) 26... exd4 $11 27. exd4 Re2 28. Qd1 {[#]} (28. Qf4 $11 {was the only way to keep the balance.} b3 29. Nxb3 (29. Nxa6 $2 b2 $19)) 28... Bb5 (28... b3 $1 $17 {[%cal Rb3b2][%mdl 512] Hoping for ...b2.} 29. Ra1 (29. Nxb3 $2 Qf5 $19) (29. Nxa6 b2 $17) 29... Qc3 30. Nxb3 (30. Nxa6 $2 b2 $19) 30... Ng4) 29. d5 (29. Bc6 $11) 29... Qa2 $36 {[%mdl 2048] White is under strong pressure.} 30. Qd4 $2 {[%mdl 8192]} (30. Bf3 $17 {is a better defense.} Rxf2 31. Ra1) 30... b3 $19 31. Nxb3 Qxb3 32. h3 {[#]} Qb2 $1 {[%mdl 32768] Accuracy: White = 37%, Black = 58%. . An unexpected result.} 1/2-1/2

[Event "30th NATO Chess-ch 2019"]
[Site "Berlin"]
[Date "2019.09.18"]
[Round "4.11"]
[White "Pedersen, Finn"]
[Black "Nikomanis, Andreas"]
[Result "1-0"]
[WhiteElo "2305"]
[BlackElo "2053"]
[Annotator "TA"]
[PlyCount "90"]
[EventDate "2019.09.16"]
[EventType "swiss"]
[EventCountry "GER"]
[SourceTitle "playchess.com"]
[Source "ChessBase"]
[SourceQuality "1"]

{[%evp 16,90,6,0,12,9,22,16,21,28,41,29,44,52,37,2,0,0,9,16,35,37,78,73,102,98,90,81,116,83,153,0,88,101,93,127,134,33,96,66,109,104,102,100,112,103,143,69,147,158,197,193,192,145,347,312,395,385,491,507,493,473,423,350,593,381,373,357,477,412,437,422,402,422,1540,417,487]} 1. Nf3 Nf6 2. c4 g6 3. d4 Bg7 4. Nc3 O-O 5. e3 d6 6. Be2 Nbd7 7. O-O e5 8. dxe5 dxe5 9. b3 Re8 {E61: King's Indian: Early deviations for White, including Smyslov System} 10. Ba3 b6 11. Qc2 Bb7 {The position is equal.} 12. Rfd1 a6 13. Rac1 e4 14. Nd2 c5 15. Nf1 $146 ({Predecessor:} 15. b4 cxb4 16. Bxb4 Qc8 17. a4 {1-0 (57) Fiodorov,M (2295)-Kalinin,O (2445) Polanica Zdroj 1998}) 15... Qe7 16. Bb2 Rad8 17. Na4 Qe6 18. Rd2 Bc6 19. Rcd1 {Strongly threatening Rd6.} Rc8 20. Rd6 Qe7 21. Qd2 b5 22. cxb5 axb5 {[#]} (22... Bxb5 $142 23. Bc4 Bxc4 24. bxc4 Ne5 25. Bxe5 Qxe5) 23. Nc3 $2 (23. Rxc6 $1 $16 {[%mdl 512]} Rxc6 24. Bxb5) 23... Ne5 (23... b4 $11 {remains equal.} 24. Nb5 Nb6) 24. Bxb5 $16 Bxb5 25. Nxb5 Nd3 26. a4 ({White should try} 26. Ng3 $16) 26... Rb8 ({Black should play} 26... Rcd8 $14 27. Bxf6 Bxf6 28. Rxd8 Rxd8) 27. h3 Rxb5 28. Rxd3 $1 Rb4 29. Bxf6 Bxf6 30. Rd7 $36 {[%mdl 2048] Black is under strong pressure.} Qe5 31. Rd5 (31. Qa2 $16) 31... Qe7 (31... Qe6 $14) 32. Qc2 Qe6 {[#]} 33. Rd6 $1 {[%cal Rd6e6]} ({Much less strong is} 33. Qxc5 Rxb3 34. a5 Rc8 $16) ({Don't play} 33. Rxc5 $6 Qxb3 34. Qxb3 Rxb3 $16) 33... Qe5 34. R1d5 Qa1 $2 (34... Qc3 $16 {is a better defense.} 35. Rxc5 Qxc2 36. Rxc2 Be5) 35. Rxc5 $18 ({Don't do} 35. Qxc5 Rbb8 $18) 35... Be7 36. Rc8 Rxc8 37. Qxc8+ Kg7 38. Rd7 Qf6 39. Rb7 Bf8 $2 (39... Qa6) 40. Rxb4 Bxb4 41. Qc4 Bc3 42. Qxe4 Qb6 43. Qc4 Qa5 44. e4 Qd8 (44... Qe5 $142 45. Ne3 Bd4) 45. Z0 (45. Qxc3+ $142 Kg8 46. Ne3) 45... Bb2 {Accuracy: White = 69%, Black = 23%.} 1-0

[Event "30th NATO Chess-ch 2019"]
[Site "Berlin"]
[Date "2019.09.18"]
[Round "4.12"]
[White "Sypien, Mateusz"]
[Black "Parker, Glen D"]
[Result "1-0"]
[WhiteElo "2243"]
[BlackElo "2014"]
[Annotator "TA"]
[PlyCount "93"]
[EventDate "2019.09.16"]
[EventType "swiss"]
[EventCountry "GER"]
[SourceTitle "playchess.com"]
[Source "ChessBase"]
[SourceQuality "1"]

{[%evp 10,93,55,55,145,141,144,132,141,128,123,127,117,106,164,164,202,220,265,258,328,250,234,187,639,637,711,544,555,438,428,435,432,413,432,430,427,426,486,486,546,549,856,506,889,663,653,624,604,563,584,570,529,472,460,463,452,451,418,434,520,472,2067,1995,1670,1495,4133,2557,1850,786,5197,685,6207,5433,29958,29959,29956,29960,29961,29956,29981,29982,29983,29983,29983,300]} 1. e4 e5 2. Nf3 Nc6 3. d4 exd4 4. Bc4 Bc5 5. c3 dxc3 {[#]} 6. Bxf7+ $1 {[%mdl 512]} Kf8 {C44: Ponziani Opening and Scotch Gambit} (6... Kxf7 $14 7. Qd5+ {[%mdl 64] Double Attack} Kf8 8. Qxc5+ {[%mdl 64] Double Attack} d6 9. Qxc3 Nf6) (6... Kxf7 7. Qd5+ Kf8 8. Qxc5+ d6 9. Qxc3 Nf6 10. Nbd2 Qe7 11. O-O Nxe4 12. Nxe4 Qxe4 13. Re1 Qd5 14. Bh6 Qf7 15. Ng5 Qg6 16. Bxg7+ Kg8 17. Bxh8 Qxg5 18. Re8+ Kf7 19. Rae1 {1-0 (19) Richter,L (2268)-Zwahr,P (2306) Germany 2017}) 7. Bb3 $16 ({Don't do} 7. Nxc3 Kxf7 8. Qd5+ Kf8 $16) ({And not} 7. bxc3 Nf6 $11) 7... d6 8. Nxc3 Bg4 {White is clearly better.} 9. h3 $40 {[%mdl 128] White wants a kill.} Bxf3 $146 ({Predecessor:} 9... Bh5 10. Qd5 h6 11. Qxh5 Qd7 12. O-O Re8 13. Qf5+ Nf6 14. Qxd7 Nxd7 15. Nh4 Nf6 16. Ng6# {1-0 (16) Majuntke,R-Kleff,T Leipzig 2008}) 10. Qxf3+ Qf6 11. Qg3 Nd4 {[#]} (11... Qg6 $16 {was worth a try.}) 12. O-O $1 $18 Nxb3 13. axb3 Ne7 14. Be3 Bd4 15. Bxd4 Qxd4 16. Rfd1 Qb4 $2 (16... Qe5 17. Qg4 Kf7) 17. e5 Rd8 18. exd6 Rxd6 19. Rxd6 Qxd6 20. Qf3+ {[%mdl 64] Double Attack} Qf6 {intending ...Qxf3.} 21. Qxb7 {[%mdl 64] Double Attack} Kf7 22. Qxc7 {Threatens to win with Ne4.} Rc8 23. Qxa7 Qe6 24. b4 Kf8 25. b5 Rc4 26. Qa8+ Qc8 (26... Rc8 $142 27. Qb7 Rd8) 27. Qf3+ Qf5 28. Qxf5+ Nxf5 29. Ra4 Rxa4 30. Nxa4 {[%mdl 4096] Endgame KN-KN} Ke7 31. Kf1 Kd6 32. Ke1 Nh4 33. g3 Nf3+ 34. Kd1 g5 35. b6 {[%cal Bb5b6,Bb6b7][%mdl 32]} h5 (35... Ng1 $142 36. Nc5 Nxh3) 36. b7 Kc7 37. Nc5 h4 38. Ke2 Ng1+ 39. Kf1 Nf3 40. b3 {[%cal Bb2b3,Bb3b4,Bb4b5,Bb5b6][%mdl 32]} Kb8 41. b4 Ka7 42. b5 {White mates.} Kb8 43. b6 Nd2+ 44. Kg2 Nc4 45. gxh4 gxh4 46. f4 Ne5 47. Na6+ {Accuracy: White = 79%, Black = 27%.} 1-0

[Event "30th NATO Chess-ch 2019"]
[Site "Berlin"]
[Date "2019.09.18"]
[Round "4.13"]
[White "Fichtner, Ewald"]
[Black "Delfino, Luigi"]
[Result "0-1"]
[WhiteElo "2046"]
[BlackElo "2235"]
[Annotator "TA"]
[PlyCount "84"]
[EventDate "2019.09.16"]
[EventType "swiss"]
[EventCountry "GER"]
[SourceTitle "playchess.com"]
[Source "ChessBase"]
[SourceQuality "1"]

{[%evp 9,88,27,30,23,33,39,53,33,41,42,49,20,39,48,43,33,58,0,0,-107,0,-16,-25,-65,0,-20,0,-44,-32,-22,-22,-28,-29,-11,-5,-57,-56,-57,0,-60,-47,-47,-7,-27,-2,-61,-69,-87,-82,-97,-61,-72,-63,-80,-49,-36,-38,-63,-59,-139,-75,-196,-205,-308,-295,-295,-285,-386,-361,-604,-598,-29986,-29987,-29984,-1239,-1357,-1232,-1218,-1183,-29995,-29996]} 1. d4 d6 2. Nc3 g6 3. e4 Nf6 4. Bf4 a6 (4... c6 5. Nf3 Bg7 6. Qd2 O-O 7. h3 Qa5 8. e5 dxe5 9. dxe5 Nd5 10. Nxd5 Qxd2+ 11. Bxd2 cxd5 12. O-O-O Nc6 13. Bc3 e6 14. h4 h6 {0-1 (79) Vachier Lagrave,M (2779)-Carlsen,M (2842) Biel 2018}) 5. Qd2 b5 6. a3 {B07: Pirc Defence: Miscellaneous Systems} Bg7 $146 ({Predecessor:} 6... Bb7 7. f3 Nbd7 8. Nge2 c5 9. dxc5 Nxc5 10. a4 b4 11. Nd5 Nxd5 12. exd5 {1-0 (24) Mansner,H (2234)-Montonen,S (1919) Finland 2017}) 7. Bh6 O-O 8. Bxg7 {White is slightly better.} Kxg7 9. O-O-O Nc6 10. d5 Na5 11. h4 h5 12. f3 Rb8 13. Na2 (13. b4 $14) 13... c6 14. g4 (14. b4 $11) 14... cxd5 ({Better is} 14... hxg4 $17 {...cxd5 is the strong threat.} 15. h5 Rh8) 15. gxh5 Nxh5 16. exd5 Qc7 17. Kb1 Qb6 18. Nh3 Nc4 19. Bxc4 $1 bxc4 {[%csl Gb8][%cal Rb6b2]} 20. Qc3+ Kg8 21. Ng5 a5 22. Rhe1 (22. Rd4 $11) 22... Qb7 $15 {And now ...Nf6 would win.} 23. Rd4 Bf5 (23... Nf6 $1 $15 24. Red1 Bf5) 24. Red1 ({White should try} 24. Ne4 $1 $11) 24... Rfc8 25. Ne4 $1 Bxe4 26. fxe4 Rc5 {Hoping for ...Nf4.} 27. a4 (27. Ka1 $11) 27... Nf6 28. Qa3 Nd7 29. Nc3 Ne5 30. Rh1 Kg7 31. Rh3 Qd7 32. Nb5 Qg4 $36 {[%mdl 2048] Black has some pressure.} 33. Qc3 Rh8 34. Ka2 (34. Qe3 $1 $15) 34... f6 (34... Rxh4 $142 35. Rxh4 Qxh4) 35. Rd2 {[#]} (35. Qe3 $17) 35... Nd3 $1 $19 {[%cal Rd3b4][%mdl 512] Threatens to win with ...Nb4+.} 36. Rh1 (36. Rdh2 $142 Nb4+ 37. Ka3) (36. cxd3 Qxh3) 36... Nb4+ ({Don't do} 36... Qxe4 37. Rg1 $19) 37. Kb1 Qxe4 {[%mdl 64] Double Attack} 38. Rhd1 {White hopes to continue with Rd4.} Rxh4 39. Rd4 $2 (39. Qd4) 39... Rh1 40. R4d2 Rxd5 41. Nd4 Rxd1+ (41... e5 $142 42. b3 exd4 43. Qb2 {[#]} c3 $1 {[%mdl 576] Double Attack} 44. Rxh1 cxb2 45. Rhh2 d3 46. Kxb2 dxc2 47. Rxd5 Qxd5 48. Rxc2 Nxc2 49. Kxc2 g5 50. b4 g4 51. Kc3 g3 52. b5 g2 53. Kb2 g1=Q 54. b6 Qc4 55. b7 Qgc1#) 42. Rxd1 {[#]} Rxd4 {Played: Nb4-c6} 0-1